000 00276nam a2200097Ia 4500
001 695391
005 20250826161951.0
008 250824s9999 xx 000 0 und d
245 0 _aROBINSON CRUSOE (ANTİK DÜNYA KLASİKLERİ)
_cDANIEL DEFOE
260 _bANTİK DÜNYA KLASİKLERİ
999 _c695391
_d695391